LEADER 03404nam 22006975 450 001 9910863119703321 005 20251113180229.0 010 $a981-15-6062-5 024 7 $a10.1007/978-981-15-6062-0 035 $a(CKB)4100000011409340 035 $a(MiAaPQ)EBC6322025 035 $a(DE-He213)978-981-15-6062-0 035 $a(PPN)250212986 035 $a(MiAaPQ)EBC6321985 035 $a(EXLCZ)994100000011409340 100 $a20200829d2020 u| 0 101 0 $aeng 135 $aurcnu|||||||| 181 $ctxt$2rdacontent 182 $cc$2rdamedia 183 $acr$2rdacarrier 200 10$aMathematical Analysis of Continuum Mechanics and Industrial Applications III $eProceedings of the International Conference CoMFoS18 /$fedited by Hiromichi Itou, Shiro Hirano, Masato Kimura, Victor A. Kovtunenko, Alexandr M. Khludnev 205 $a1st ed. 2020. 210 1$aSingapore :$cSpringer Nature Singapore :$cImprint: Springer,$d2020. 215 $a1 online resource (viii, 204 pages) $cillustrations 225 1 $aMathematics for Industry,$x2198-3518 ;$v34 311 08$a981-15-6061-7 327 $aFracture Mechanics -- Elasticity -- Shape Optimization and Inverse Problems -- Earthquake and Tsunami. 330 $aThis book focuses on mathematical theory and numerical simulation related to various areas of continuum mechanics, such as fracture mechanics, (visco)elasticity, optimal shape design, modelling of earthquakes and Tsunami waves, material structure, interface dynamics and complex systems. Written by leading researchers from the fields of applied mathematics, physics, seismology, engineering, and industry with an extensive knowledge of mathematical analysis, it helps readers understand how mathematical theory can be applied to various phenomena, and conversely, how to formulate actual phenomena as mathematical problems. This book is the sequel to the proceedings of the International Conference of Continuum Mechanics Focusing on Singularities (CoMFoS) 15 and CoMFoS16. 410 0$aMathematics for Industry,$x2198-3518 ;$v34 606 $aMechanics, Applied 606 $aSolids 606 $aMathematical models 606 $aNatural disasters 606 $aComputer simulation 606 $aSolid Mechanics 606 $aMathematical Modeling and Industrial Mathematics 606 $aNatural Hazards 606 $aComputer Modelling 615 0$aMechanics, Applied. 615 0$aSolids. 615 0$aMathematical models. 615 0$aNatural disasters. 615 0$aComputer simulation. 615 14$aSolid Mechanics. 615 24$aMathematical Modeling and Industrial Mathematics. 615 24$aNatural Hazards. 615 24$aComputer Modelling. 676 $a531 702 $aItou$b Hiromichi$4edt$4http://id.loc.gov/vocabulary/relators/edt 702 $aHirano$b Shiro$4edt$4http://id.loc.gov/vocabulary/relators/edt 702 $aKimura$b Masato$4edt$4http://id.loc.gov/vocabulary/relators/edt 702 $aKovtunenko$b Victor A$4edt$4http://id.loc.gov/vocabulary/relators/edt 702 $aKhludnev$b Alexandr M$4edt$4http://id.loc.gov/vocabulary/relators/edt 801 0$bMiAaPQ 801 1$bMiAaPQ 801 2$bMiAaPQ 906 $aBOOK 912 $a9910863119703321 996 $aMathematical Analysis of Continuum Mechanics and Industrial Applications III$92070435 997 $aUNINA